000 00470cam a2200205 4500
001 D6803
008 090401t1973 xxu||||| |||| 00| 0 eng d
035 _a(Sirsi) u3220
041 _aeng
050 _a306.2
100 _aMacey, John Percival
245 _aHousing management
250 _a2nd
260 _aLondon
_bEstates Gazette
_c1973
300 _axv. 528p. 23cm
350 _a4.2
700 _aBaker, Charles Vivian
942 _n0
948 _c04/03/1997
999 _c85862
_d85862